00984nam a2200217 a 450000100100000000500170001000800410002704000250006808200200009310000370011324500500015026000680020030000200026865000280028865000310031691000370034704900090038495201760039395201820056999900150075100000917720240412074210.0090928s1943 dr 000 p spa d aDO-SdBNPbspacBNPHU aRD861.44bG643r1 aGonzález Herrera, Julio92384713aLa ruta desolada /cJulio Herrera González. aCiudad Trujillo, República Dominicana :bPol Hermanos,c1943. a63 p. ;c22 cm. 0aPoesía dominicana966 0aLiteratura dominicana.967 aValidado. Control de calidad MFF aBNPD 001050718RVaPDbPDcHDd2009-09-28iLF1l0oRD861.44 G643rp9177-10r2020-06-25w2020-06-25y1zPerteneció a la biblioteca personal de Martínez Boog.ZNo se presta 001050718RVaPDbPDcCTd2011-08-08iLF1l0oRD861.44 G643rp9177-20r2020-06-25te. 2w2020-06-25y1zPerteneció a la biblioteca personal de Martínez Boog.ZNo se presta c8940d8940